Statistics for Greek Gods - Picture Quiz

Click here to take the quiz!

General Stats

  • This quiz has been taken 326 times
  • The average score is 9 of 15

Answer Stats

Answer% Correct
Poseidon
99%
Hermes
84%
Hades
78%
Ares
76%
Aphrodite
72%
Zeus
68%
Hera
64%
Hephaestus
62%
Dionysus
58%
Apollo
56%
Athena
53%
Demeter
49%
Eros
46%
Helios
41%
Artemis
38%

Score Distribution

Percentile by Number Answered

Percent of People with Each Score

Your Score History

You have not taken this quiz